01891nam a2200457 i 450000100060000000300080000600500170001400600190003100700150005000800410006502000270010603500230013303500240015603500250018003500220020504000310022705000240025808000100028208200140029210000340030624501870034026400490052730000640057633600310064033700330067133800430070450000770074750400430082458801270086759001640099465000360115865000250119465000320121965000190125165000280127065100100129865500270130879700190133585600620135499900170141630576FlNmELB20241216220603.0m o d | cr cnu||||||||171012s2017 cu a ob 000 0 spa d a9789591634320 (e-book) a(MiAaPQ)EBC4945900 a(Au-PeEL)EBL4945900 a(CaPaEBR)ebr11423241 a(OCoLC)1105417965 aFINmELBbspaerdacFINmELB 4aQA276.18bC988 2017 a519.20 a519.52231 aCuétara Hernández, Yenis.10aAlternativa didáctica para el proceso de enseñanza-aprendizaje de la estadística en el décimo grado de la educación preuniversitaria /cautora: Yenis Cuétara Hernández. 1aLa Habana :bEditorial Universitaria,c2017. a1 recurso en línea (viii, 223 páginas) :bilustraciones atextobtxt2rdacontent/spa acomputadorabc2rdamedia/spa arecurso en líneabcr2rdacarrier/spa aTesis (Doctor en Ciencias Pedagógicas)--Universidad de Matanzas, 2016. aContiene referencias bibliográficas. aDescripción basada en recurso en línea; Título de la página del título en PDF (e-libro, visto October 12, 2017). aRecurso electrónico. Santa Fe, Arg.: e-libro, 2015. Disponible vía World Wide Web. El acceso puede estar limitado para las bibliotecas afiliadas a e-libro. 0aStatisticsxStudy and teaching. 0aLearning strategies. 0aEducation, SecondaryzCuba. 4aEstadística. 4aEnseñanza secundaria. 4aCuba. 4aLibros electrónicos.2 ae-libro, Corp.40uhttps://elibro.net/ereader/politecnicointernacional/90945 c30576d30576